[Event "Titled Tuesday intern op 27th Feb Late"]
[Site "Chess.com INT"]
[Date "2024.02.27"]
[Round "2"]
[White "Ward, Ieuan C"]
[Black "Gubajdullin, Alexey"]
[Result "0-1"]
[WhiteElo "2028"]
[BlackElo "2253"]
[PlyCount "56"]
[EventDate "2024.02.27"]
[EventType "swiss (blitz)"]
[EventRounds "11"]
[EventCountry "USA"]
[SourceTitle "CB10_2024"]
[SourceDate "2024.03.06"]
[SourceVersion "1"]
[SourceVersionDate "2024.03.06"]
[SourceQuality "1"]

1. e4 g6 2. d4 Bg7 3. Nc3 d6 4. Be2 a6 5. a4 Nd7 6. Be3 b6 7. f4 Bb7 8. Bf3 c5 9. Nge2 cxd4 10. Bxd4 e5 11. Be3 Nc5 12. 0-0 Nf6 13. Ng3 0-0 14. Qd2 exf4 15. Bxf4 Re8 16. Rfe1 h5 17. h4 Ng4 18. Bxg4 hxg4 19. Qxd6 Qxh4 20. Qxb6 Bd4+ 21. Kf1 Re6 22. Qb4 Rf6 23. Nce2 Be3 24. e5 Qh2 25. Qxb7 Rxf4+ 26. Nxf4 Qg1+ 27. Ke2 Qf2+ 28. Kd1 Qd2# 0-1

[Event "Cambridge op 2nd"]
[Site "Cambridge"]
[Date "2024.02.20"]
[Round "3"]
[White "Ward, Ieuan C"]
[Black "Zhang, Junyi"]
[Result "1/2-1/2"]
[WhiteElo "2028"]
[BlackElo "1763"]
[PlyCount "142"]
[EventDate "2024.02.19"]
[EventType "swiss"]
[EventRounds "9"]
[EventCountry "ENG"]
[SourceTitle "CB09_2024"]
[SourceDate "2024.02.28"]
[SourceVersion "1"]
[SourceVersionDate "2024.02.28"]
[SourceQuality "1"]

1. d4 Nf6 2. Nf3 e6 3. c4 d5 4. Nc3 dxc4 5. e3 a6 6. Bxc4 b5 7. Bd3 Bb7 8. 0-0 c5 9. a3 Nc6 10. dxc5 Bxc5 11. b4 Be7 12. Bb2 Qb6 13. Qe2 Rd8 14. Rfd1 Qc7 15. Rac1 0-0 16. Ng5 h6 17. Nge4 Nxe4 18. Nxe4 f5 19. Nc5 Bxc5 20. Rxc5 Qe7 21. Bc2 Qg5 22. f4 Qg6 23. Rf1 Nb8 24. Bb3 Be4 25. Rf2 Nc6 26. Bc2 Bd5 27. Qe1 Rd7 28. h3 Rfd8 29. Kh2 h5 30. g3 Ne7 31. Bd4 Nc6 32. Bc3 Ne7 33. a4 Bc4 34. e4 Bd3 35. axb5 axb5 36. Bxd3 Rxd3 37. Re2 h4 38. gxh4 Rd1 39. Qf2 R8d3 40. Re3 Rxe3 41. Qxe3 Qe8 42. Qe2 Qd7 43. Qg2 g6 44. exf5 exf5 45. h5 Qd6 46. Qa8+ Kf7 47. Qf3 Rc1 48. hxg6+ Qxg6 49. Bd4 Rxc5 50. Bxc5 Qc6 51. Qh5+ Qg6 52. Qh8 Ng8 53. Qe5 Qe6 54. Qc7+ Kg6 55. Qd8 Nf6 56. Qd3 Qa2+ 57. Kg1 Qa1+ 58. Kg2 Qb2+ 59. Kg1 Qa1+ 60. Kh2 Qb2+ 61. Kg1 Qc1+ 62. Qf1 Qxf1+ 63. Kxf1 Nd5 64. Bd6 Kf6 65. h4 Ke6 66. Be5 Nxb4 67. h5 Kf7 68. Ke2 Nc6 69. Kd3 Kg8 70. Bf6 Kh7 71. Bg5 Kg7 1/2-1/2

[Event "Titled Tuesday intern op 13th Feb Late"]
[Site "Chess.com INT"]
[Date "2024.02.13"]
[Round "1"]
[White "Ambartsumova, Karina"]
[Black "Ward, Ieuan C"]
[Result "1-0"]
[WhiteElo "2418"]
[BlackElo "2028"]
[PlyCount "93"]
[EventDate "2024.02.13"]
[EventType "swiss (blitz)"]
[EventRounds "11"]
[EventCountry "USA"]
[SourceTitle "CB08_2024"]
[SourceDate "2024.02.21"]
[SourceVersion "1"]
[SourceVersionDate "2024.02.21"]
[SourceQuality "1"]

1. d4 e5 2. dxe5 Nc6 3. Nf3 Qe7 4. Nc3 Nxe5 5. e4 c6 6. Be2 Nf6 7. 0-0 d6 8. Nd4 Qc7 9. f4 Ng6 10. Be3 Be7 11. Qd3 0-0 12. Rae1 a6 13. Bf3 Rb8 14. h3 c5 15. Nf5 Bxf5 16. exf5 Nh4 17. Bd5 b5 18. g4 b4 19. Nd1 Nxd5 20. Qxd5 Qb7 21. Qxb7 Rxb7 22. b3 g6 23. fxg6 fxg6 24. Nb2 d5 25. Nd3 d4 26. Bd2 Bd6 27. Re4 Re7 28. Rxe7 Bxe7 29. Kf2 g5 30. f5 Ng6 31. Re1 Bd6 32. Re6 Bf4 33. Bxf4 Nxf4 34. Nxf4 gxf4 35. Rxa6 h5 36. Rc6 hxg4 37. hxg4 Rf7 38. Rxc5 Ra7 39. Kf3 Rxa2 40. Kxf4 d3 41. cxd3 Rb2 42. Kg5 Rxb3 43. Kg6 Kf8 44. f6 Ke8 45. f7+ Ke7 46. Re5+ Kd6 47. Re8 1-0

[Event "Titled Tuesday intern op 06th Feb Late"]
[Site "Chess.com INT"]
[Date "2024.02.06"]
[Round "1"]
[White "Skvortsov, Andrei"]
[Black "Ward, Ieuan C"]
[Result "1-0"]
[WhiteElo "2309"]
[BlackElo "2028"]
[PlyCount "91"]
[EventDate "2024.02.06"]
[EventType "swiss (blitz)"]
[EventRounds "11"]
[EventCountry "USA"]
[SourceTitle "CB07_2024"]
[SourceDate "2024.02.14"]
[SourceVersion "1"]
[SourceVersionDate "2024.02.14"]
[SourceQuality "1"]

1. e4 c5 2. d4 cxd4 3. Qxd4 Nc6 4. Qd3 g6 5. Nf3 Bg7 6. Be2 d6 7. 0-0 Nf6 8. Nc3 0-0 9. Nd5 Bd7 10. Bg5 Nxd5 11. exd5 Ne5 12. Nxe5 Bxe5 13. Qb3 b6 14. a4 Re8 15. c3 Bf5 16. Rfe1 Bg7 17. Bb5 Bd7 18. Bf1 h6 19. Be3 Qc7 20. Qb4 Kh7 21. a5 bxa5 22. Rxa5 Reb8 23. Qa3 Rb7 24. Bc1 e6 25. dxe6 Bxe6 26. g3 Rb3 27. Qa4 Qb6 28. Ra6 Qb8 29. Bg2 d5 30. h4 Rb6 31. h5 g5 32. Bf1 Rxa6 33. Qxa6 Qb6 34. Bd3+ Kg8 35. Qa3 Rb8 36. b4 Rc8 37. Bd2 Rb8 38. Be3 d4 39. cxd4 Bxd4 40. Bxd4 Qxd4 41. Re4 Qd6 42. Qxa7 Qxd3 43. Qxb8+ Kg7 44. Qe5+ Kg8 45. Rd4 Qf3 46. Rd8+ 1-0

[Event "Titled Tuesday intern op 26th Sep Late"]
[Site "Chess.com INT"]
[Date "2023.09.26"]
[Round "6"]
[White "Thake, Conrad"]
[Black "Ward, Ieuan C"]
[Result "0-1"]
[WhiteElo "1778"]
[BlackElo "2028"]
[PlyCount "116"]
[EventDate "2023.09.26"]
[EventType "swiss (blitz)"]
[EventRounds "11"]
[EventCountry "USA"]
[SourceTitle "EXT 2024"]
[Source "ChessBase"]
[SourceDate "2023.10.10"]
[SourceVersion "1"]
[SourceVersionDate "2023.10.10"]
[SourceQuality "1"]

1. e4 e6 2. d4 d5 3. Nc3 dxe4 4. Nxe4 Nd7 5. Nf3 Ngf6 6. Bg5 Be7 7. Bd3 0-0 8. Nxf6+ Nxf6 9. Qd2 b6 10. 0-0-0 Bb7 11. h4 Kh8 12. Kb1 Bxf3 13. gxf3 Qxd4 14. Bxf6 Bxf6 15. c3 Qd5 16. Qe2 Qe5 17. Be4 Rad8 18. Qc4 c5 19. Qe2 Qf4 20. Qc2 h6 21. h5 Bg5 22. Rxd8 Rxd8 23. Rd1 Rd2 24. Rxd2 Qxd2 25. Qxd2 Bxd2 26. Kc2 Be1 27. b4 cxb4 28. cxb4 Bxb4 29. Kd3 Bc5 30. Ke2 Kg8 31. f4 Kf8 32. f5 e5 33. f3 Ke7 34. Kd3 Kf6 35. a4 Kg5 36. Kc4 a5 37. Kd5 Bd4 38. Bd3 f6 39. Be4 Kxh5 40. f4 Kg4 41. fxe5 Bxe5 42. Kc6 h5 43. Kxb6 Bc3 44. Kc6 Kf4 45. Bd3 h4 46. Kd7 h3 47. Bb5 h2 48. Bc6 Kxf5 49. Ke7 g5 50. Kf7 g4 51. Bh1 Bb4 52. Kg7 Kg5 53. Kf7 f5 54. Ke6 f4 55. Ke5 f3 56. Ke4 f2 57. Bg2 h1Q 58. Bxh1 f1Q 0-1

[Event "Titled Tuesday intern op 19th Sep Late"]
[Site "Chess.com INT"]
[Date "2023.09.19"]
[Round "2"]
[White "Galego, Luis"]
[Black "Ward, Ieuan C"]
[Result "1-0"]
[WhiteElo "2468"]
[BlackElo "2028"]
[PlyCount "81"]
[EventDate "2023.09.19"]
[EventType "swiss (blitz)"]
[EventRounds "11"]
[EventCountry "USA"]
[SourceTitle "EXT 2024"]
[Source "ChessBase"]
[SourceDate "2023.10.10"]
[SourceVersion "1"]
[SourceVersionDate "2023.10.10"]
[SourceQuality "1"]

1. d4 Nf6 2. Nf3 d5 3. g3 e6 4. Bg2 Be7 5. 0-0 0-0 6. c4 dxc4 7. Ne5 Nc6 8. Nxc6 bxc6 9. Na3 Bxa3 10. bxa3 Ba6 11. Bxc6 Rb8 12. Qa4 Qc8 13. e4 Rb6 14. d5 Nxe4 15. Be3 Nc3 16. Qa5 Nxd5 17. Bxb6 cxb6 18. Qa4 Nc3 19. Qc2 Qxc6 20. Qxc3 Bb7 21. f3 Qc5+ 22. Kg2 Bd5 23. Rfd1 h6 24. h4 Rc8 25. Rac1 Qc6 26. Rd4 a6 27. h5 e5 28. Rd2 f6 29. Rcd1 Be6 30. Rd6 Qa4 31. Qb4 Qxb4 32. axb4 Bf7 33. Rd8+ Rxd8 34. Rxd8+ Kh7 35. g4 c3 36. Rc8 Bxa2 37. Rxc3 a5 38. b5 a4 39. Rc6 Bc4 40. Rxc4 a3 41. Ra4 1-0

[Event "Titled Tuesday intern op 19th Sep Late"]
[Site "Chess.com INT"]
[Date "2023.09.19"]
[Round "4"]
[White "Ward, Ieuan C"]
[Black "Mago Perez, Victor Manuel"]
[Result "0-1"]
[WhiteElo "2028"]
[BlackElo "2148"]
[PlyCount "78"]
[EventDate "2023.09.19"]
[EventType "swiss (blitz)"]
[EventRounds "11"]
[EventCountry "USA"]
[SourceTitle "EXT 2024"]
[Source "ChessBase"]
[SourceDate "2023.10.10"]
[SourceVersion "1"]
[SourceVersionDate "2023.10.10"]
[SourceQuality "1"]

1. d4 Nf6 2. c4 c5 3. d5 e6 4. Nc3 exd5 5. cxd5 d6 6. e4 g6 7. f4 Bg7 8. Bb5+ Nfd7 9. Nf3 0-0 10. a4 Na6 11. 0-0 Nb4 12. Re1 a6 13. Bf1 Nf6 14. h3 Re8 15. Nd2 Nh5 16. Nc4 Bd4+ 17. Kh2 Bf2 18. Re2 Bg3+ 19. Kg1 Bxf4 20. Bxf4 Nxf4 21. Rf2 Nh5 22. a5 Rb8 23. Qf3 Rf8 24. g4 Ng7 25. Qf4 Ne8 26. e5 dxe5 27. Nxe5 Nd6 28. Rd1 f5 29. Nc4 Nxc4 30. Bxc4 Bd7 31. d6+ Kg7 32. Qe5+ Qf6 33. Qxc5 Nc6 34. Nd5 Qe5 35. Qa3 fxg4 36. Ne7 Rxf2 37. Kxf2 Rf8+ 38. Kg1 gxh3 39. Qxh3 Bxh3 0-1

[Event "Titled Tuesday intern op 19th Sep Late"]
[Site "Chess.com INT"]
[Date "2023.09.19"]
[Round "6"]
[White "Ward, Ieuan C"]
[Black "Petersson, Kjell"]
[Result "1-0"]
[WhiteElo "2028"]
[BlackElo "2040"]
[PlyCount "131"]
[EventDate "2023.09.19"]
[EventType "swiss (blitz)"]
[EventRounds "11"]
[EventCountry "USA"]
[SourceTitle "EXT 2024"]
[Source "ChessBase"]
[SourceDate "2023.10.10"]
[SourceVersion "1"]
[SourceVersionDate "2023.10.10"]
[SourceQuality "1"]

1. e4 c5 2. Nf3 d6 3. d4 cxd4 4. Qxd4 Nc6 5. Bb5 Bd7 6. Bxc6 Bxc6 7. Nc3 e6 8. Bg5 Nf6 9. 0-0-0 Be7 10. h4 0-0 11. Kb1 h6 12. Be3 b5 13. g4 Nxg4 14. Rdg1 e5 15. Qd2 Nxe3 16. Qxe3 Kh8 17. Ng5 Bf6 18. Nd5 a5 19. Rh3 b4 20. Rf3 Bxg5 21. hxg5 h5 22. Rh3 g6 23. Nf6 Kg7 24. Rd1 Qc7 25. Qe2 Rh8 26. Rhd3 Bb5 27. Nd5 Bxd3 28. Qxd3 Qc5 29. Qf3 Rhf8 30. Rh1 Qd4 31. Qf6+ Kh7 32. f3 Qxd5 33. exd5 Rad8 34. Rd1 Kg8 35. f4 exf4 36. Qxf4 Rfe8 37. Rf1 Re7 38. Qf6 Rde8 39. b3 Rd7 40. Kb2 Rf8 41. Rf4 Rdd8 42. Rc4 Rd7 43. Re4 Rdd8 44. Re7 Rc8 45. Qxd6 Rcd8 46. Qe5 Rc8 47. d6 Rcd8 48. d7 Kh7 49. Qd5 Kg8 50. a3 Kg7 51. axb4 axb4 52. c3 bxc3+ 53. Kxc3 h4 54. Qd4+ Kg8 55. Qxh4 Rb8 56. Qd4 Rbd8 57. Qd6 Kh7 58. b4 Kg8 59. b5 Rb8 60. Re8 Rfxe8 61. dxe8Q+ Rxe8 62. b6 Re6 63. Qxe6 fxe6 64. b7 e5 65. b8Q+ Kf7 66. Qxe5 1-0

[Event "Titled Tuesday intern op 12th Sep Late"]
[Site "Chess.com INT"]
[Date "2023.09.12"]
[Round "6"]
[White "Kucza, Karol"]
[Black "Ward, Ieuan C"]
[Result "1-0"]
[WhiteElo "2343"]
[BlackElo "2028"]
[PlyCount "83"]
[EventDate "2023.09.12"]
[EventType "swiss (blitz)"]
[EventRounds "11"]
[EventCountry "USA"]
[SourceTitle "EXT 2024"]
[Source "ChessBase"]
[SourceDate "2023.10.10"]
[SourceVersion "1"]
[SourceVersionDate "2023.10.10"]
[SourceQuality "1"]

1. e4 e5 2. Nf3 Nc6 3. Bb5 a6 4. Ba4 Nf6 5. 0-0 Be7 6. Re1 b5 7. Bb3 d6 8. c3 Bg4 9. h3 Bh5 10. d3 0-0 11. Nbd2 Na5 12. Bc2 c5 13. Nf1 Qc7 14. Ng3 Bg6 15. Nh4 Rfe8 16. Nhf5 Bf8 17. Qf3 Rad8 18. Bg5 Re6 19. Ne3 Be7 20. Bxf6 Bxf6 21. Nd5 Qc8 22. Qe3 Nc6 23. Bb3 Qb8 24. Rf1 Na5 25. Nxf6+ Rxf6 26. Bd5 c4 27. d4 Nb7 28. f4 Rxf4 29. Rxf4 exf4 30. Qxf4 Qc7 31. Rf1 Rf8 32. h4 h6 33. h5 Bh7 34. Rf3 Nd8 35. Nf5 Bxf5 36. exf5 Kh7 37. f6 g6 38. hxg6+ fxg6 39. Re3 Nc6 40. Bxc6 Qxc6 41. Re7+ Kg8 42. Qxh6 1-0

[Event "Titled Tuesday intern op 12th Sep Late"]
[Site "Chess.com INT"]
[Date "2023.09.12"]
[Round "3"]
[White "Mitev, Valentin"]
[Black "Ward, Ieuan C"]
[Result "1-0"]
[WhiteElo "2261"]
[BlackElo "2028"]
[PlyCount "119"]
[EventDate "2023.09.12"]
[EventType "swiss (blitz)"]
[EventRounds "11"]
[EventCountry "USA"]
[SourceTitle "EXT 2024"]
[Source "ChessBase"]
[SourceDate "2023.10.10"]
[SourceVersion "1"]
[SourceVersionDate "2023.10.10"]
[SourceQuality "1"]

1. d4 Nf6 2. Bg5 d5 3. Bxf6 exf6 4. e3 Bd6 5. g3 0-0 6. Bg2 c6 7. Nd2 Re8 8. Ne2 Nd7 9. 0-0 f5 10. c4 Nf6 11. cxd5 Nxd5 12. Nc3 Nb6 13. Rb1 a5 14. Nb3 Be6 15. Nc5 Bxc5 16. dxc5 Nd7 17. Qd4 Qe7 18. b4 axb4 19. Rxb4 Nxc5 20. Rc1 Red8 21. Nd5 Bxd5 22. Qxc5 Qxc5 23. Rxc5 Bxg2 24. Kxg2 Rd7 25. a4 g6 26. a5 Kf8 27. Re5 Re8 28. Rc5 Ra8 29. Re5 Ra7 30. Kf3 Re7 31. Rc5 h6 32. Rb6 Ke8 33. h4 Kd8 34. h5 Kc7 35. hxg6 fxg6 36. Rb4 Ra8 37. g4 fxg4+ 38. Rxg4 Rf8+ 39. Ke2 g5 40. Rgc4 Ref7 41. a6 Rxf2+ 42. Kd3 Rd8+ 43. Kc3 Rd6 44. Ra5 bxa6 45. Rxa6 Kb7 46. Ra5 Rf3 47. Re5 Rf7 48. Rb4+ Kc7 49. Ra5 Rdd7 50. Rc4 Kd8 51. Ra8+ Ke7 52. Rxc6 Rf6 53. Rc4 Kf7 54. e4 Rf3+ 55. Kb4 Rb7+ 56. Kc5 Rf6 57. Rc8 g4 58. e5 Rf5 59. Kd5 Rd7+ 60. Ke4 1-0

[Event "Titled Tuesday intern op 05th Sep Late"]
[Site "Chess.com INT"]
[Date "2023.09.05"]
[Round "5"]
[White "Toktomushev, Teimur"]
[Black "Ward, Ieuan C"]
[Result "1-0"]
[WhiteElo "2210"]
[BlackElo "2028"]
[PlyCount "67"]
[EventDate "2023.09.05"]
[EventType "swiss (blitz)"]
[EventRounds "11"]
[EventCountry "USA"]
[SourceTitle "EXT 2024"]
[Source "ChessBase"]
[SourceDate "2023.10.10"]
[SourceVersion "1"]
[SourceVersionDate "2023.10.10"]
[SourceQuality "1"]

1. d4 Nf6 2. c4 e6 3. Nf3 b6 4. g3 Bb7 5. Bg2 Be7 6. 0-0 0-0 7. Re1 Ne4 8. Qc2 f5 9. Nc3 Nxc3 10. Qxc3 Be4 11. b3 d6 12. Bb2 Bf6 13. Qd2 Nd7 14. h4 h6 15. Nh2 Bxg2 16. Kxg2 Qe7 17. e4 fxe4 18. Rxe4 Qf7 19. Rae1 Rae8 20. Qe2 e5 21. Ng4 c5 22. dxe5 Bxe5 23. Bxe5 Nxe5 24. f4 Nxg4 25. Rxe8 Nf6 26. Rxf8+ Kxf8 27. Qe6 Qxe6 28. Rxe6 d5 29. cxd5 Nxd5 30. Rd6 Nb4 31. a3 Nc2 32. Rd7 Nxa3 33. Rxa7 c4 34. Rxa3 1-0

[Event "Titled Tuesday intern op 05th Sep Late"]
[Site "Chess.com INT"]
[Date "2023.09.05"]
[Round "4"]
[White "Ward, Ieuan C"]
[Black "Lopez Idarraga, Daniel Eduardo"]
[Result "1-0"]
[WhiteElo "2028"]
[BlackElo "2027"]
[PlyCount "109"]
[EventDate "2023.09.05"]
[EventType "swiss (blitz)"]
[EventRounds "11"]
[EventCountry "USA"]
[SourceTitle "EXT 2024"]
[Source "ChessBase"]
[SourceDate "2023.10.10"]
[SourceVersion "1"]
[SourceVersionDate "2023.10.10"]
[SourceQuality "1"]

1. e4 c6 2. d4 d5 3. Nc3 dxe4 4. Nxe4 Bf5 5. Ng3 Bg6 6. Nf3 Nd7 7. h4 h6 8. h5 Bh7 9. Bd3 Bxd3 10. Qxd3 Qc7 11. Bd2 Ngf6 12. 0-0-0 e6 13. Ne4 Nxe4 14. Qxe4 Nf6 15. Qe2 Bd6 16. Kb1 0-0-0 17. c4 c5 18. Bc3 cxd4 19. Nxd4 a6 20. g3 Kb8 21. a3 Rd7 22. f4 Rhd8 23. Nf3 Ka8 24. Ne5 Bxe5 25. Rxd7 Qxd7 26. Bxe5 Qd3+ 27. Qxd3 Rxd3 28. Bxf6 gxf6 29. Rg1 Rf3 30. Kc2 Kb8 31. Rg2 Kc7 32. b3 Kc6 33. Kb2 Kc5 34. Kc2 a5 35. Kb2 a4 36. bxa4 Kxc4 37. Rc2+ Kd5 38. Rc7 Rxg3 39. Rxb7 Rf3 40. a5 Rxf4 41. a6 Ra4 42. a7 f5 43. Kb3 Ra6 44. Rxf7 Ke4 45. a4 f4 46. Kb4 f3 47. Kb5 Rxa7 48. Rxa7 Kd3 49. Rf7 Ke2 50. a5 e5 51. a6 e4 52. a7 e3 53. a8Q f2 54. Qf3+ Ke1 55. Qxe3+ 1-0

[Event "Titled Tuesday intern op 08th Aug Late"]
[Site "Chess.com INT"]
[Date "2023.08.08"]
[Round "7"]
[White "Davidson, Kevin"]
[Black "Ward, Ieuan C"]
[Result "1-0"]
[WhiteElo "2154"]
[BlackElo "2028"]
[PlyCount "107"]
[EventDate "2023.08.08"]
[EventType "swiss (blitz)"]
[EventRounds "11"]
[EventCountry "USA"]
[SourceTitle "EXT 2024"]
[Source "ChessBase"]
[SourceDate "2023.10.10"]
[SourceVersion "1"]
[SourceVersionDate "2023.10.10"]
[SourceQuality "1"]

1. e4 e5 2. Nf3 Nc6 3. Bb5 a6 4. Ba4 Nf6 5. 0-0 Be7 6. Re1 b5 7. Bb3 0-0 8. a4 b4 9. d4 d6 10. dxe5 dxe5 11. Nbd2 Bb7 12. a5 Bc5 13. h3 h6 14. c3 bxc3 15. bxc3 Rb8 16. Bc4 Qe7 17. Qe2 Ra8 18. Nb3 Bd6 19. Qa2 Na7 20. Nfd2 Nb5 21. Qc2 Na3 22. Bxa3 Bxa3 23. Reb1 Rab8 24. Qd3 Rfd8 25. Qe2 Ra8 26. Bd3 Bd6 27. Nc4 Rdb8 28. Ne3 Nxe4 29. Nf5 Qg5 30. Bxe4 Bxe4 31. Qxe4 g6 32. Nxd6 cxd6 33. Qd5 Qf6 34. Nd2 Rc8 35. Ne4 Qf5 36. Rb7 Rd8 37. Rab1 Rac8 38. Re7 Rf8 39. Rbb7 Qf4 40. Nxd6 Qc1+ 41. Kh2 Qf4+ 42. g3 Qxf2+ 43. Qg2 Qxg2+ 44. Kxg2 Rce8 45. Nxe8 Rxe8 46. Rxe8+ Kg7 47. Rxe5 Kf6 48. Ree7 Kg5 49. Rxf7 Kh5 50. g4+ Kh4 51. Rf6 Kg5 52. Rxa6 Kh4 53. Rbb6 g5 54. Rxh6# 1-0

[Event "Titled Tuesday intern op 08th Aug Late"]
[Site "Chess.com INT"]
[Date "2023.08.08"]
[Round "5"]
[White "Ward, Ieuan C"]
[Black "Sari, Yasin"]
[Result "0-1"]
[WhiteElo "2028"]
[BlackElo "2280"]
[PlyCount "120"]
[EventDate "2023.08.08"]
[EventType "swiss (blitz)"]
[EventRounds "11"]
[EventCountry "USA"]
[SourceTitle "EXT 2024"]
[Source "ChessBase"]
[SourceDate "2023.10.10"]
[SourceVersion "1"]
[SourceVersionDate "2023.10.10"]
[SourceQuality "1"]

1. d4 Nf6 2. c4 g6 3. Nc3 Bg7 4. Nf3 0-0 5. g3 c5 6. d5 e6 7. Bg2 exd5 8. cxd5 d6 9. 0-0 a6 10. a4 Re8 11. Re1 Nbd7 12. e4 Rb8 13. a5 b5 14. axb6 Rxb6 15. Qc2 Nh5 16. Bg5 Qc7 17. Na4 Rb4 18. Bd2 Rb8 19. Bc3 Ne5 20. Nxe5 Bxe5 21. Bxe5 Rxe5 22. f4 Re7 23. Rad1 Qa5 24. e5 Bf5 25. Be4 Bg4 26. Ra1 dxe5 27. Qxc5 Qxc5+ 28. Nxc5 exf4 29. d6 Ra7 30. Rxa6 Rxa6 31. Nxa6 Rxb2 32. Nc5 fxg3 33. hxg3 Nxg3 34. d7 Rd2 35. Re3 Nxe4 36. Nxe4 Rd1+ 37. Kh2 Bxd7 38. Nf6+ Kg7 39. Ne4 Bf5 40. Ng5 Rd2+ 41. Kg3 Rd3 42. Rxd3 Bxd3 43. Kf4 h6 44. Nf3 f6 45. Nd4 g5+ 46. Ke3 Bg6 47. Ne6+ Kf7 48. Nd4 h5 49. Kf2 f5 50. Kg2 Kf6 51. Kh2 h4 52. Nc2 g4 53. Ne1 Kg5 54. Nd3 f4 55. Ne5 Bf5 56. Nc4 g3+ 57. Kg2 h3+ 58. Kf3 Bg4+ 59. Ke4 h2 60. Ne5 h1Q+ 0-1

[Event "Titled Tuesday intern op 01st Aug Late"]
[Site "Chess.com INT"]
[Date "2023.08.01"]
[Round "3"]
[White "Ward, Ieuan C"]
[Black "Estrada Nieto, Julian"]
[Result "0-1"]
[WhiteElo "2028"]
[BlackElo "2217"]
[PlyCount "48"]
[EventDate "2023.08.01"]
[EventType "swiss (blitz)"]
[EventRounds "11"]
[EventCountry "USA"]
[SourceTitle "EXT 2024"]
[Source "ChessBase"]
[SourceDate "2023.10.10"]
[SourceVersion "1"]
[SourceVersionDate "2023.10.10"]
[SourceQuality "1"]

1. e4 e5 2. Nf3 Nc6 3. Bc4 Bc5 4. c3 Nf6 5. d3 d6 6. 0-0 a6 7. h3 Ba7 8. Bb3 h6 9. Nbd2 g5 10. Nh2 Rg8 11. Ng4 h5 12. Nxf6+ Qxf6 13. Qxh5 g4 14. hxg4 Bxg4 15. Qh2 0-0-0 16. Nc4 Rh8 17. Qg3 Rdg8 18. Be3 Bf3 19. gxf3 Rxg3+ 20. fxg3 b5 21. Bxa7 bxc4 22. Bxc4 Nxa7 23. Bxa6+ Kb8 24. Kg2 Qh6 0-1

[Event "Titled Tuesday intern op 01st Aug Late"]
[Site "Chess.com INT"]
[Date "2023.08.01"]
[Round "2"]
[White "Ward, Ieuan C"]
[Black "Sivakumar, Shaashwath"]
[Result "0-1"]
[WhiteElo "2028"]
[BlackElo "2207"]
[PlyCount "58"]
[EventDate "2023.08.01"]
[EventType "swiss (blitz)"]
[EventRounds "11"]
[EventCountry "USA"]
[SourceTitle "EXT 2024"]
[Source "ChessBase"]
[SourceDate "2023.10.10"]
[SourceVersion "1"]
[SourceVersionDate "2023.10.10"]
[SourceQuality "1"]

1. d4 d5 2. c4 c6 3. Nf3 Nf6 4. Nc3 dxc4 5. a4 Bf5 6. e3 e6 7. Bxc4 Bb4 8. 0-0 Nbd7 9. Qe2 Bg6 10. Rd1 0-0 11. Ne5 Nxe5 12. dxe5 Nd7 13. Na2 Be7 14. b3 Qc7 15. f4 Nc5 16. Bb2 b5 17. axb5 cxb5 18. Bxb5 Nxb3 19. Rd7 Qa5 20. Rxe7 Nxa1 21. Bxa1 Rab8 22. Bc3 Qxb5 23. Qxb5 Rxb5 24. Rxa7 Rc8 25. Bd4 h5 26. Nc3 Rb3 27. Ne2 Rc2 28. Ng3 h4 29. Nf1 Be4 0-1

[Event "Titled Tuesday intern op 18th Jul Late"]
[Site "Chess.com INT"]
[Date "2023.07.18"]
[Round "2"]
[White "Toniutti, Ezio"]
[Black "Ward, Ieuan C"]
[Result "1-0"]
[WhiteElo "2182"]
[BlackElo "2028"]
[PlyCount "81"]
[EventDate "2023.07.18"]
[EventType "swiss (blitz)"]
[EventRounds "11"]
[EventCountry "USA"]
[SourceTitle "EXT 2024"]
[Source "ChessBase"]
[SourceDate "2023.10.10"]
[SourceVersion "1"]
[SourceVersionDate "2023.10.10"]
[SourceQuality "1"]

1. d4 Nf6 2. c4 e6 3. g3 d5 4. Bg2 Be7 5. Nf3 0-0 6. 0-0 dxc4 7. Ne5 Nc6 8. Nxc6 bxc6 9. Na3 Ba6 10. Qa4 Qc8 11. Nxc4 Nd5 12. Ne5 c5 13. dxc5 Bxc5 14. Bd2 Bxe2 15. Rfc1 Bb6 16. Qe4 Ba6 17. a4 f5 18. Qh4 c5 19. a5 Bd8 20. Bg5 Bxg5 21. Qxg5 Rb8 22. Qd2 Nb4 23. Qd6 Rd8 24. Qxc5 Qxc5 25. Rxc5 Nd3 26. Nxd3 Rxd3 27. Rc7 Rxb2 28. Rxa7 Rd6 29. Rc1 Rb8 30. h4 h6 31. Rcc7 g5 32. Rg7+ Kf8 33. Raf7+ Ke8 34. hxg5 hxg5 35. Ra7 Kf8 36. Rxg5 Bd3 37. Rh5 Kg8 38. Rhh7 Rdd8 39. Rhg7+ Kf8 40. Raf7+ Ke8 41. Bc6+ 1-0

[Event "Titled Tuesday intern op 11th Jul Late"]
[Site "Chess.com INT"]
[Date "2023.07.11"]
[Round "1"]
[White "Ward, Ieuan C"]
[Black "Dyachuk, Artem"]
[Result "1-0"]
[WhiteElo "2028"]
[BlackElo "2261"]
[PlyCount "105"]
[EventDate "2023.07.11"]
[EventType "swiss (blitz)"]
[EventRounds "11"]
[EventCountry "USA"]
[SourceTitle "EXT 2024"]
[Source "ChessBase"]
[SourceDate "2023.10.10"]
[SourceVersion "1"]
[SourceVersionDate "2023.10.10"]
[SourceQuality "1"]

1. d4 Nf6 2. c4 e6 3. Nf3 c5 4. d5 d6 5. Nc3 exd5 6. cxd5 g6 7. e4 Bg7 8. Bd3 0-0 9. h3 b5 10. Bxb5 Nxe4 11. Nxe4 Qa5+ 12. Nc3 Bxc3+ 13. bxc3 Qxb5 14. Qe2 Qa4 15. 0-0 Ba6 16. Qd1 Qxd1 17. Rxd1 Be2 18. Re1 Bc4 19. Bf4 Rd8 20. Bg5 Rc8 21. Bf4 Bxd5 22. Bxd6 Nd7 23. Ne5 Nb6 24. a4 Be6 25. a5 Nd5 26. Rac1 Nf4 27. Rcd1 Nh5 28. Nd3 c4 29. Nf4 Ng7 30. Be5 Bf5 31. g4 Bc2 32. Rd2 Bb3 33. Rd7 Re8 34. Kf1 Rad8 35. Rxd8 Rxd8 36. Bd4 g5 37. Nh5 Ne6 38. Bxa7 Rd3 39. Re3 Rd1+ 40. Kg2 Ba4 41. Nf6+ Kg7 42. Nh5+ Kg6 43. Kh2 Bc6 44. f3 Rd3 45. Rxd3 cxd3 46. Be3 Bxf3 47. Kg3 Ba8 48. a6 f5 49. Kf2 f4 50. Bd4 Bg2 51. a7 Ba8 52. Ke1 f3 53. Kd2 1-0

[Event "Titled Tuesday intern op 27th Jun Late"]
[Site "Chess.com INT"]
[Date "2023.06.27"]
[Round "8"]
[White "Ljubarov, Mark"]
[Black "Ward, Ieuan C"]
[Result "1-0"]
[WhiteElo "2281"]
[BlackElo "2028"]
[PlyCount "135"]
[EventDate "2023.06.27"]
[EventType "swiss (blitz)"]
[EventRounds "11"]
[EventCountry "USA"]
[SourceTitle "EXT 2024"]
[Source "ChessBase"]
[SourceDate "2023.10.10"]
[SourceVersion "1"]
[SourceVersionDate "2023.10.10"]
[SourceQuality "1"]

1. d4 Nf6 2. c4 e6 3. Nf3 b6 4. g3 Bb7 5. Bg2 Be7 6. 0-0 0-0 7. Nc3 Ne4 8. Qc2 Nxc3 9. bxc3 f5 10. Bf4 d6 11. h4 Nd7 12. d5 e5 13. Bg5 h6 14. Bxe7 Qxe7 15. Bh3 Qf6 16. Nd2 Nc5 17. Rae1 Ba6 18. e3 Rae8 19. f4 e4 20. Rb1 Kh8 21. Rf2 Re7 22. Bf1 Qg6 23. Rg2 Qe8 24. Nb3 Nxb3 25. axb3 Bb7 26. Ra1 a5 27. Qd2 Qh5 28. Be2 Qf7 29. Qd4 Qf6 30. Qxf6 Rxf6 31. Kh2 g6 32. Bd1 Rh7 33. b4 axb4 34. cxb4 Rf8 35. Ra7 Rb8 36. Ba4 g5 37. Ra2 gxh4 38. gxh4 Rg7 39. Bc6 Bxc6 40. dxc6 b5 41. Ra8 Rgg8 42. Rxb8 Rxb8 43. cxb5 Rxb5 44. Ra7 Rxb4 45. Rxc7 Rc4 46. Kg3 d5 47. Kf2 Rc2+ 48. Ke1 Kg8 49. h5 Rc5 50. Rd7 Rxc6 51. Rxd5 Rc3 52. Kd2 Rc2+ 53. Kxc2 Kf7 54. Rxf5+ Ke6 55. Re5+ Kd6 56. Rxe4 Kd5 57. Re5+ Kd6 58. Kd3 Kd7 59. Kd4 Kd8 60. Ke4 Kd7 61. Kf5 Kc6 62. Kg6 Kd6 63. Kxh6 Kd7 64. Kg5 Kd6 65. h6 Kd7 66. h7 Kd6 67. h8Q Kd7 68. Qf6 1-0